000
00312nam a2200133Ia 4500
008
191201s2003 xx 000 0 und d
100
_a
Brey, Barry B
245
4
_a
The Intel Microprocessors
250
_a
6th
260
_c
2003
_b
Pearson Education
_a
N.Delhi
300
_a
1024
650
_a
ECE
942
_2
ddc
_c
BB
999
_c
7249
_d
7249